ბათუმის შოთა რუსთაველის სახელმწიფო უნივერსიტეტის ბიბლიოთეკა

Ecosystem concepts for sustainable bivalve mariculture. (ბიბ.ჩანაწერი № 50444)

000 -LEADER
fixed length control field 00582cam a22001817a 4500
001 - CONTROL NUMBER
control field 16444246
005 - DATE AND TIME OF LATEST TRANSACTION
control field 20221114170433.0
008 - FIXED-LENGTH DATA ELEMENTS--GENERAL INFORMATION
fixed length control field 100902s2010 dcu b f000 0 eng d
020 ## - INTERNATIONAL STANDARD BOOK NUMBER
International Standard Book Number 9780309146951x
041 ## - LANGUAGE CODE
Language code of text/sound track or separate title eng
080 ## - UNIVERSAL DECIMAL CLASSIFICATION NUMBER
Universal Decimal Classification number 639.6 E-18
245 00 - TITLE STATEMENT
Title Ecosystem concepts for sustainable bivalve mariculture.
Statement of responsibility, etc.
264 ## - PRODUCTION, PUBLICATION, DISTRIBUTION, MANUFACTURE, AND COPYRIGHT NOTICE
Place of production, publication, distribution, manufacture Washington, D.C. :
Name of producer, publisher, distributor, manufacturer National Academies Press,
Date of production, publication, distribution, manufacture, or copyright notice 2001
300 ## - PHYSICAL DESCRIPTION
Extent x, 179 p. :
Other physical details ill. ;
Dimensions 23 cm.
653 ## - INDEX TERM--UNCONTROLLED
keyword ეკოსისტემური კონცეფციები
653 ## - INDEX TERM--UNCONTROLLED
keyword ეკოსისტემა
942 ## - ADDED ENTRY ELEMENTS (KOHA)
Source of classification or shelving scheme
Koha item type წიგნი
ეგზემპლარები
Withdrawn status Lost status Source of classification or shelving scheme Damaged status Not for loan Permanent Location Current Location Shelving location Date acquired Cost, normal purchase price Full call number Barcode Date last seen Copy number Price effective from Koha item type Public note
          ბათუმის შოთა რუსთაველის სახელმწიფო უნივერსიტეტის მთავარი ბიბლიოთეკა ბათუმის შოთა რუსთაველის სახელმწიფო უნივერსიტეტის მთავარი ბიბლიოთეკა წიგნსაცავი 2018-12-17 150.00 639.6 E-18 656 2018-12-17 656 2018-12-17 წიგნი 150 ლ.